Представление документа в формате RUSMARC

ПолеНазваниеЗначение
  Тип записи a
  Библиографический уровень a
001 Контрольный номер RU/CBS_UL/BASE/577975096
005 Дата корректировки 20240209175224.3
100 Данные общей обработки __
a Данные общей обработки 20180425d2018 ||| 0rusy0189 ca
101 Язык документа 0_
a Язык текста rus
102 Страна публикации __
a Страна публикации RU
105 Кодированные данные (монография) __
a Кодированные данные (монография) y###||||000|y
200 Заглавие и сведения об ответственности 1_
a Заглавие Глазами клоуна
b Общее обозначение материала Текст
e Сведения, относящиеся к заглавию [о жанре в живописи - портретах клоунов]
f Первые сведения об ответственности М. Кантор
300 Общие примечания __
a Общие примечания Ограничения по возрасту - 16+
461 Уровень набора _0
1 2000
a STORY. Необыкновенные судьбы необыкновенных людей
463 Уровень физической единицы _0
1 001RU/CBS_UL/BASE/573865815
1 2000
a № 1-2
v С. 74-84: ил.
1 210
d 2018
606 Тематические рубрики 0_
a Основная рубрика Живопись - Портреты клоунов
610 Ключевые слова 0_
a Ключевые слова искусство
a Ключевые слова живопись
a Ключевые слова мировая живопись
a Ключевые слова портреты клоунов
686 Индексы других классификаций __
a Классификационный индекс 85.14
2 Код системы ББК
700 Автор _1
a Фамилия Кантор
b Имя (инициалы) М.
801 Источник записи _0
a Страна RU
b Организация МБУК ЦБС г. Ульяновска
c Дата составления 20180425
g Правила каталогизации RCR
801 Источник записи _1
a Страна RU
b Организация МБУК ЦБС г. Ульяновска
c Дата составления 20180425
g Правила каталогизации RCR
901 Тип документа __
t Тип документа b
w Контрольный № источника RU/CBS_UL/BASE/573865815
910 Корректоры записи __
a Корректор записи Библиотека 8
938 Служебная информация __
a Имя БД period